000 00694nam a22002177c 4500
001 000030548
003 RuMoIPM
005 20260513121332.0
008 231206b1969 ru ||||| |||| 00| 0 rus d
035 _a(RuMoBEN) 002215308
040 _aRuMoBEN
_brus
_ercr
041 _arus
044 _aru
080 _a510(075.8)
245 _aТ. 3, ч. 2
_cВ. И. Смирнов
250 _a8-е изд., испр. и доп.
260 _aМосква
_bНаука
_c1969
300 _a672 с.
_bил.
773 1 8 _aСмирнов, Владимир Иванович
_tКурс высшей математики: [Учебная литература для вузов]
_w000018741
942 _cBK
999 _c30548
_d30548